LEADER 01608nam a2200349 a 4500 001 000000138585 003 CaOOAMICUS 005 20140529104915.0 008 140529s2012 it u000 u ita r 020 $a978-88-548-4558-9 040 $aPUL$bita 082 04$a937.08 100 1 $aCastello, Maria G.$0(OLS)http://pul/name/63675 245 13$aLe segrete stanze del potere :$bi comites concistoriani e l'imperatore tardoantico /$cMaria G. Castello ; [prefazione di Sergio Roda]. 260 $aRoma :$bAracne,$c©2012. 300 $a289 p. ;$c24 cm 490 1 $aA10 ;$v803 490 1 $aIl potere e il consenso ;$v01 504 $aBibliografia p. 269-289. 651 4$aRoma$xStoria$yImpero, 284-476.$0(OLS)http://pul/subject/821 651 4$aRoma$xStoria$ySec. V.$0(OLS)http://pul/subject/3615 700 1 $aRoda, Sergio.$0(OLS)http://pul/name/6928 830 0$aA 10. Scienze dell'antichità, filologico-letterarie e storico-artistiche (Aracne) ;$v803.$0(OLS)http://pul/title/158488 830 0$aPotere e il consenso ;$v01.$0(OLS)http://pul/title/175446 850 $aPUL 852 $aPUL$W1$xSL Cons. Gen., Altre Classi 3$y75$m937. 08 CASMA 1$j159902$qDDC 21$B159403$CPULBib$Z2$F159403 $H124089 $82 941 1 $a9 996 $6020$a978-88-548-4558-9$9(OLS)http://pul/number/155382 996 $6082$a937.08$9(OLS)http://pul/classification/2564 996 $6245$aLe segrete stanze del potere :$bi comites concistoriani e l'imperatore tardoantico$9(OLS)http://pul/title/175445 996 $6260$aRoma :$bAracne$9(OLS)http://pul/publisher/62189 LEADER 01386nam a2200313 a 4500 001 000000175515 003 CaOOAMICUS 005 20221103101814.0 008 221102t2022 it o 000 0 ita r 020 $z978-88-6671-894-9* 032 $aLibriCat 040 $aPUL$bita 082 04$a270.07 100 1 $aSimeone, Marco.$0(OLS)http://pul/name/112799 245 10$aSan Mattia apostolo e il suo cammino / $cdon Marco Simeone ; Dario Testi. 260 $aGorle (Bg) :$bVelar,$c©2022. 300 $a55 p. :$bfotogr. ;$c21 cm$e 440 0$aCollana blu : messaggeri d'amore, protagonisti della fede 700 1 $aTesti, Dario.$0(OLS)http://pul/name/112800 830 0$aCollana blu : messaggeri d'amore, protagonisti della fede$b(Editrice Velar).$0(OLS)http://pul/title/216967 850 $aPUL 852 $aPUL$W1$xSL Religione 3$y85$m270. 07 SIMMA 1$j199717$qDDC 21$B204452$CPULBib$Z2$F204452 $H135626 $82 941 1 $a9 996 $6020$z978-88-6671-894-9*$9(OLS)http://pul/number/168890 996 $6082$a270.07$9(OLS)http://pul/classification/3229 996 $6245$aSan Mattia apostolo e il suo cammino / $9(OLS)http://pul/title/216966 996 $6440$aCollana blu : messaggeri d'amore, protagonisti della fede $9(OLS)http://pul/title/216971 996 $6260$aGorle (Bg) :$bVelar$9(OLS)http://pul/publisher/81239